000 00403nam a2200181Ia 4500
008 090123s9999 xx 000 0 und d
082 _b35603
100 _aENID BLYTON
245 _aHOLIDAY STORIE
250 _a0
260 _bTHE SHERIDON BOOK CO.
300 _a80
600 _aENID BLYTON
630 _aHOLIDAY STORIE
700 _aENID BLYTON
730 _aHOLIDAY STORIE
942 _cBOOK
999 _c73670
_d73670